<?xml version="1.0" encoding="UTF-8"?>
<collection xmlns="http://www.loc.gov/MARC21/slim">
  <record>
    <leader>00000nam  2200000   4500</leader>
    <controlfield tag="001">INLIS000000000008741</controlfield>
    <controlfield tag="005">20200611113137</controlfield>
    <datafield tag="035" ind1="#" ind2="#">
      <subfield code="a">0010-0620000027</subfield>
    </datafield>
    <controlfield tag="007">ta</controlfield>
    <controlfield tag="008">200611################g##########0#ind##</controlfield>
    <datafield tag="020" ind1="#" ind2="#">
      <subfield code="a">9799616611</subfield>
    </datafield>
    <datafield tag="082" ind1="#" ind2="#">
      <subfield code="a">307.1</subfield>
    </datafield>
    <datafield tag="084" ind1="#" ind2="#">
      <subfield code="a">307.1 Sum p</subfield>
    </datafield>
    <datafield tag="100" ind1=" " ind2="#">
      <subfield code="a">Sumodiningrat, Gunawan</subfield>
    </datafield>
    <datafield tag="245" ind1="1" ind2="#">
      <subfield code="a">Perencanaan Pembangunan Daerah /</subfield>
      <subfield code="c">Gunawan Sumodiningrat</subfield>
    </datafield>
    <datafield tag="250" ind1="#" ind2="#">
      <subfield code="a">Cet.1</subfield>
    </datafield>
    <datafield tag="260" ind1="#" ind2="#">
      <subfield code="a">Jakarta :</subfield>
      <subfield code="b">PerPod,</subfield>
      <subfield code="c">2000</subfield>
    </datafield>
    <datafield tag="300" ind1="#" ind2="#">
      <subfield code="a">ix, 59 hlm. ;</subfield>
      <subfield code="c">16 cm</subfield>
    </datafield>
    <datafield tag="650" ind1="#" ind2="#">
      <subfield code="a">Pembangunan Desa</subfield>
    </datafield>
    <datafield tag="520" ind1="#" ind2="#">
      <subfield code="a">Dalam lingkup pembangunan masyarakat di daerah Pemda diharapkan mampu melakukan manajemen  pembangunan daerah dengan fokus pengembangan kawasan. Potensi wilayah diharapkan dapat dioptimalkan sehingga masyarakat menjadi tuan diatas wilayahnya sendiri dalam satu entitas kawasan pembangunan, tanpa meninggalkan prinsip-prinsip pembangnan nasional. Walaupun perlu disadari sejalan dengan prinsip "globalisasi dan the End of the Nation State" batas-batas wilayah menjadi semakin semu, yang ada adalah pendayagunaan secara efisien dan profesional. Inilah nantinya yang selalu menjadi tantangan Pemda. Bagaimana Pemda dapat membina masyarakat membangun, dalam wadah "networking" kerjasama (aliansi) dengan Pemda lain dan sekitarnya.</subfield>
    </datafield>
    <datafield tag="856" ind1="#" ind2="#">
      <subfield code="a">Perpustakaan Lembaga Administrasi Negara</subfield>
    </datafield>
    <datafield tag="990" ind1="#" ind2="#">
      <subfield code="a">02085763</subfield>
    </datafield>
    <datafield tag="990" ind1="#" ind2="#">
      <subfield code="a">02085762</subfield>
    </datafield>
    <datafield tag="990" ind1="#" ind2="#">
      <subfield code="a">02085765</subfield>
    </datafield>
  </record>
</collection>
